India and the Raj, 1919-1947 : (Record no. 25123)
[ view plain ]
| 000 -LEADER | |
|---|---|
| fixed length control field | 01461cam a2200361 a 4500 |
| 001 - CONTROL NUMBER | |
| control field | 25123 |
| 003 - CONTROL NUMBER IDENTIFIER | |
| rucl marc code | BD-RjUL |
| 005 - DATE AND TIME OF LATEST TRANSACTION | |
| control field | 20211209050832.0 |
| 008 - FIXED-LENGTH DATA ELEMENTS--GENERAL INFORMATION | |
| fixed length control field | 140316t1989 ii b 001 0 eng |
| 035 ## - SYSTEM CONTROL NUMBER | |
| System control number | (BD-RjUL)25192 |
| System control number | (OCoLC)ocm20826161 |
| System control number | (CStRLIN)NYCG90-B19747 |
| System control number | (BD-RjUL) |
| System control number | (NNC)823065 |
| 040 ## - CATALOGING SOURCE | |
| Original cataloging agency | DLC |
| Transcribing agency | DLC |
| Modifying agency | DLC |
| -- | NNC |
| -- | BD-RjUL |
| Language of cataloging | eng |
| 041 ## - LANGUAGE CODE | |
| Language code of text/sound track or separate title | eng |
| 082 00 - DEWEY DECIMAL CLASSIFICATION NUMBER | |
| Classification number | 954.035092 |
| Edition number | 20 |
| Author mark and year | GHI 1989 |
| 090 ## - LOCALLY ASSIGNED LC-TYPE CALL NUMBER (OCLC); LOCAL CALL NUMBER (OCLC) | |
| Classification number (OCLC) (R) ; Classification number, CALL (RLIN) (NR) | DS480.45 |
| Local cutter number (OCLC) ; Book number/undivided call number, CALL (RLIN) | .G456 1989 |
| 100 1# - MAIN ENTRY--PERSONAL NAME | |
| Personal name | Ghosh, Suniti Kumar. |
| 9 (RLIN) | 77308 |
| 245 10 - TITLE STATEMENT | |
| Title | India and the Raj, 1919-1947 : |
| Remainder of title | glory, shame, and bondage / |
| Statement of responsibility, etc. | Suniti Kumar Ghosh. |
| Number of part/section of a work | Volume-1 |
| 260 ## - PUBLICATION, DISTRIBUTION, ETC. (IMPRINT) | |
| Place of publication, distribution, etc. | Calcutta ; |
| Name of publisher, distributor, etc. | Prachi : |
| -- | Prachi, |
| Date of publication, distribution, etc. | c1989. |
| 300 ## - PHYSICAL DESCRIPTION | |
| Pagination | V-1 (388 p.); |
| Size | 23 cm. |
| 500 ## - GENERAL NOTE | |
| General note | Vol. 2 published: Bombay : Research Unit for Political economy. |
| General note | Presentation of the author's thesis that besides the struggle launched by the Indian National Congress under the leadership of Mahatma Gandhi, 1869-1948, there were other struggles by peasants, political moderates and revolutionists for the cause of Indian independence. |
| General note | Vol. 1 covers the period up to 1931. |
| 504 ## - BIBLIOGRAPHY, ETC. NOTE | |
| Bibliography, etc | Includes bibliographical references and index |
| 600 10 - SUBJECT ADDED ENTRY--PERSONAL NAME | |
| Personal name | Gandhi, |
| Titles and other words associated with a name | Mahatma, |
| Dates associated with a name | 1869-1948. |
| 610 20 - SUBJECT ADDED ENTRY--CORPORATE NAME | |
| Corporate name or jurisdiction name as entry element | Indian National Congress |
| 651 #0 - SUBJECT ADDED ENTRY--GEOGRAPHIC NAME | |
| Geographic name | India |
| General subdivision | Politics and government |
| Chronological subdivision | 1919-1947. |
| 9 (RLIN) | 77311 |
| 942 ## - ADDED ENTRY ELEMENTS (KOHA) | |
| Source of classification or shelving scheme | Dewey Decimal Classification |
| Koha item type | Books |
| Lost status | Source of classification or shelving scheme | Damaged status | Not for loan | Collection code | Permanent Location | Current Location | Shelving location | Date acquired | Source of acquisition | Cost, normal purchase price | Total Checkouts | Full call number | Date last seen | Copy number | Koha item type |
|---|---|---|---|---|---|---|---|---|---|---|---|---|---|---|---|
| Dewey Decimal Classification | Non-fiction | Central Library, University of Rajshahi | Central Library, University of Rajshahi | 30/07/1996 | Ankur prokashoni | 200.00 | 954.035092 GHI V-1 1989 | 16/03/2014 | C-2 | Books |